ՀՀ Գիտությունների ազգային ակադեմիայի հիմնարար գիտական գրադարան  =   Fundamental Scientific Library of NAS RA

Աշխարհագրութիւն հին եւ նոր Հայաստանեայց : (Record no. 140183)

MARC details
000 -LEADER
fixed length control field 00719nam a2200181 a 4500
001 - CONTROL NUMBER
control field 000366661
003 - CONTROL NUMBER IDENTIFIER
control field AM-YeHGA
005 - DATE AND TIME OF LATEST TRANSACTION
control field 20250618072249.0
008 - FIXED-LENGTH DATA ELEMENTS--GENERAL INFORMATION
fixed length control field 041005s1857 it r 000 0 arm d
040 ## - CATALOGING SOURCE
Original cataloging agency AM-YeHGA
041 0# - LANGUAGE CODE
Language code of text/sound track or separate title arm
090 ## - LOCALLY ASSIGNED LC-TYPE CALL NUMBER (OCLC); LOCAL CALL NUMBER (RLIN)
-- 141561
100 1# - MAIN ENTRY--PERSONAL NAME
Personal name Քաջունի, Մանուել,
Titles and words associated with a name Հայր վարդապետ,
Dates associated with a name 1823-1903
245 10 - TITLE STATEMENT
Title Աշխարհագրութիւն հին եւ նոր Հայաստանեայց :
Remainder of title Դպրատանց տղայոց համար /
Statement of responsibility, etc. Հ. Մանուէլ վ. Քաջունի ի Մխիթ. ուխտէն.
260 ## - PUBLICATION, DISTRIBUTION, ETC.
Place of publication, distribution, etc. Վենետիկ :
Name of publisher, distributor, etc. տպ. Մխիթարեանց,
Date of publication, distribution, etc. 1857.
300 ## - PHYSICAL DESCRIPTION
Extent 298 էջ ;
Dimensions 16 սմ.
650 14 - SUBJECT ADDED ENTRY--TOPICAL TERM
Topical term or geographic name entry element Աշխարհագրություն
Geographic subdivision Հայաստան
9 (RLIN) 5299
Holdings
Withdrawn status Lost status Damaged status Not for loan Collection Home library Current library Date acquired Total checkouts Full call number Barcode Date last seen Price effective from Koha item type Public note Source of classification or shelving scheme
        General Fundamental Scientific Library Fundamental Scientific Library 22/12/2016   AI/17044 FL0059312 22/12/2016 22/12/2016 Գրքեր / Books 30 Days Loan  
        General Fundamental Scientific Library Fundamental Scientific Library 22/12/2016   AI/17045 FL0059544 22/12/2016 22/12/2016 Գրքեր / Books 30 Days Loan  
        Rare Books Collection Fundamental Scientific Library Fundamental Scientific Library 22/12/2016   A/364 FL0031768 22/12/2016 22/12/2016 Գրքեր / Books ILL Non-Circ. Universal Decimal Classification
        Alpoiajian Individual Collection Fundamental Scientific Library Fundamental Scientific Library 25/04/2019   Ալպ/1192 FL0573358 25/04/2019 25/04/2019 Գրքեր / Books ILL Non-Circ Universal Decimal Classification


ՀՀ ԳԱԱ հիմնարար գիտական գրադարան
ՀՀ,Երևան 0019
Մարշալ Բաղրամյան 24/6
հեռախոս:(374-10) 52-47-50
Հետադարձ կապ

All site content, except where otherwise noted, is licensed under a
Creative Commons License